000 00377nam a2200145 4500
999 _c674
_d674
008 191113b ||||| |||| 00| 0 eng d
082 0 0 _a620.3
_bT585
100 _9186
_aTimoshenko, S.
245 1 0 _aVibration Problems in Engineering
_cby S. Timoshenko
250 _a2nd ed.
260 _aLondon
_bConstable
_c1948
300 _aix, 470 p.
650 0 _aVibration
942 _2ddc
_cBK